Líné kroky do Paříže /

Hlavní autor: Synek, Karel, 1942-
Jazyk: Čeština
Vydáno: Třebíč : Akcent, 2012
Vydání: Vyd. 1.
Témata:
Fyzický popis: 197 s. : il. ; 22 cm
Knihy
Uloženo v:
LEADER 00969cam a2200313 a 4500
001 nkc20122388276
003 CZ PrNK
005 20120905154642.0
007 ta
008 120713s2012 xr a g 000 f cze d
015 |a cnb002388276 
020 |a 978-80-7268-913-2  |q (váz.) 
035 |a (OCoLC)815382084 
040 |a KLG001  |b cze  |d OLA001  |d ABA001 
072 7 |a 821.162.3-3  |x Česká próza  |2 Konspekt  |9 25 
080 |a 821.162.3-31  |2 MRF 
080 |a (0:82-31)  |2 MRF 
100 1 |a Synek, Karel,  |d 1942-  |7 mzk2006342991  |4 aut  |4 ill 
245 1 0 |a Líné kroky do Paříže /  |c Karel Synek 
250 |a Vyd. 1. 
260 |a Třebíč :  |b Akcent,  |c 2012 
300 |a 197 s. :  |b il. ;  |c 22 cm 
655 7 |a české romány  |7 fd133974  |2 czenas 
655 9 |a Czech fiction  |2 eczenas 
910 2 |a BOA001  |b 2-1290.053 
990 |a BK 
995 |a 01 
991 |b 201208  |e b 
996 6 |b 2610518897  |c 2-1290.053  |l MZK  |r Sklad / do 1 hodiny  |n 0  |p p.v.  |w 001270781  |u 000010  |a 1  |e BOA001  |j MZK50  |s P